Central Library OPAC University of Rajshahi

Anthropology : (Record no. 2256)

MARC details
000 -LEADER
fixed length control field 01797fam a2200325 a 4500
001 - CONTROL NUMBER
control field 2256
003 - CONTROL NUMBER IDENTIFIER
rucl marc code BD-RjUL
005 - DATE AND TIME OF LATEST TRANSACTION
control field 20211208233519.0
008 - FIXED-LENGTH DATA ELEMENTS--GENERAL INFORMATION
fixed length control field 131210t20052004ii ab b 001 0 eng d
020 ## - INTERNATIONAL STANDARD BOOK NUMBER
International Standard Book Number 8120328205
International Standard Book Number 0136020879 (pbk.)
035 ## - SYSTEM CONTROL NUMBER
System control number (BD-RjUL)2283
System control number (OCoLC)ocm37132455
System control number (NNC)2108077
040 ## - CATALOGING SOURCE
Original cataloging agency DLC
Transcribing agency DLC
Modifying agency DLC
-- OrLoB-B
-- BD-RjUL
Language of cataloging eng
041 ## - LANGUAGE CODE
Language code of text/sound track or separate title eng
082 00 - DEWEY DECIMAL CLASSIFICATION NUMBER
Classification number 301
Edition number 21
Author mark and year SCA 2005
100 1# - MAIN ENTRY--PERSONAL NAME
Personal name Scupin, Raymond.
9 (RLIN) 7337
245 10 - TITLE STATEMENT
Title Anthropology :
Remainder of title a global perspective /
Statement of responsibility, etc. Raymond Scupin, Christopher R. Decorse.
250 ## - EDITION STATEMENT
Edition statement 5th ed.
260 ## - PUBLICATION, DISTRIBUTION, ETC. (IMPRINT)
Place of publication, distribution, etc. Upper Saddle River, N.J. :
Name of publisher, distributor, etc. Prentice Hall,
Date of publication, distribution, etc. 2005.
300 ## - PHYSICAL DESCRIPTION
Pagination xxv, 710 p. :
Illustrations ill. (some col.), col. maps ;
Size 26 cm.
504 ## - BIBLIOGRAPHY, ETC. NOTE
Bibliography, etc Includes bibliographical references (p. 539-559) and index.
505 00 - FORMATTED CONTENTS NOTE
Title Basic Concepts in Anthropology.
-- Introduction to Anthropology.
-- Evolution.
-- The Record of the Past --
-- Physical Anthropology.
-- The Primates.
-- Hominid Evolution.
-- Human Variation --
-- Archaeology.
-- Paleolithic Cultures.
-- The Origins of Domestication and Settled Life.
-- The Rise of the State and Complex Society --
-- Basic Concepts of Culture and Society.
-- Culture.
-- Psychological Anthropology.
-- Language.
-- Anthropological Explanations.
-- Analyzing Sociocultural Systems --
-- Prestate Societies.
-- Band Societies.
-- Tribes.
-- Chiefdoms --
-- State Societies.
-- Agricultural States.
-- Industrial States --
-- Consequences of Global Industrialism.
-- Global Industrialism and Native Peoples.
-- Global Industrialism and Non-Western Countries --
-- Anthropology and the Global Future.
-- Contemporary Global Trends.
-- Applied Anthropology.
650 #0 - SUBJECT ADDED ENTRY--TOPICAL TERM
Topical term or geographic name as entry element Anthropology.
9 (RLIN) 7338
700 1# - ADDED ENTRY--PERSONAL NAME
Personal name DeCorse, Christopher R.
942 ## - ADDED ENTRY ELEMENTS (KOHA)
Source of classification or shelving scheme Dewey Decimal Classification
Koha item type Books
Holdings
Lost status Source of classification or shelving scheme Damaged status Not for loan Collection code Permanent Location Current Location Shelving location Date acquired Source of acquisition Cost, normal purchase price Total Checkouts Full call number Date last seen Date checked out Copy number Koha item type
  Dewey Decimal Classification     Non-fiction Central Library, University of Rajshahi Central Library, University of Rajshahi   04/02/2008 Dhaka, Paragon Enterprises Ltd. 395.00 1 301 SCA 2005 09/07/2025 24/06/2025 C-2 Books